01857nam a2200445 i 450000100060000000300080000600500170001400600190003100700150005000800410006502000280010602000180013403500220015204000310017404300120020505000260021708000190024308200190026210000450028124501290032626400460045530000500050133600310055133700330058233800430061549000230065850400420068158800830072359001620080665000720096865000740104065100450111465100470115965500270120670000390123370000410127279700180131385600630133199900170139426802FlNmELB20241216215930.0m o d | cr cnu||||||||201126s2019 mx b ob 000 0 spa d a9781512978919q(e-book) z9786078559817 a(OCoLC)1226773526 aFINmELBbspaerdacFINmELB an-mx---00aPQ7291.C58bM668 2019 a821.134.2(720)00a860.9972142231 aMontiel Contreras, Carlos Urani,eautor.10aCartografía literaria de Ciudad Juárez /cCarlos Urani Montiel Contreras, Amalia Rodríguez Isais, Antonio Rubio Reyes. 1aMéxico, D.F. :bEdiciones Eón,c2019. a1 recurso en línea (180 páginas) :bmapas atextobtxt2rdacontent/spa acomputadorabc2rdamedia/spa arecurso en líneabcr2rdacarrier/spa0 aColección Ensayo aIncluye referencias bibliográficas. aDescripción basada en metadatos suministrados por el editor y otras fuentes. aRecurso electrónico. Santa Fe, Arg.: elibro, 2020. Disponible vía World Wide Web. El acceso puede estar limitado para las bibliotecas afiliadas a elibro. 0aMexican literaturezMexicozCiudad JuárezxHistory and criticism. 4aLiteratura mexicanazMéxicozCiudad JuárezxHistoria y crítica. 0aCiudad Juárez (Mexico)xIn literature. 4aCiudad Juárez (México)xEn literatura. 4aLibros electrónicos.1 aRodríguez Isais, Amalia,eautor.1 aRubio Reyes, Antonio,d1994-eautor.2 aelibro, Corp.40uhttps://elibro.net/ereader/politecnicointernacional/127149 c26802d26802